000
00325nam a2200109Ia 4500
008
160531s9999 xx 000 0 und d
100
_a
Dodd, William.
245
_a
Train Your Brain: Build a Framework for Clear Thinking
245
_c
by William Dodd
260
_c
2012
856
_u
http://www.smashwords.com/books/view/144640
999
_c
295445
_d
295445